| 000 | 00758cab a22001935a 4500 | ||
|---|---|---|---|
| 001 | L158731 | ||
| 008 | 150702e20150620xxk 000 0 eng d | ||
| 035 | _a(Sirsi) u158731 | ||
| 041 | 0 | _aeng | |
| 100 | 1 | _aColby, Allyson | |
| 245 | 0 | 2 | _aA long unwinding road |
| 260 | _c2015 | ||
| 490 |
_aEstates Gazette _v(1524) 20 June 2015, 121(1) |
||
| 520 | _aExamines the court's decisions when deciding applications for validation orders. Notes that transactions entered into by companies that have a winding up petition hanging over them are wound up and then voided. Warns buyers that they would be advised to check a company's status before handing over any money. | ||
| 590 | _aKA | ||
| 651 | 4 | _aUnited Kingdom | |
| 690 |
_aInsolvency _96247 |
||
| 942 | _n0 | ||
| 999 |
_c84668 _d84668 |
||